00341nam a2200121Ia 4500008004100000020000600041040002600047082001500073245007300088260003700161003000400198005001700202241217s9999||||xx |||||||||||||| ||und|| c0 bengcSSK Libraryerda a005.52/MOD 0aModular Technology Program: Office Software-1 (Word) Reference Guide b L. J. Technical Systemsc©2003OSt20241217112829.0